000 00579nam a2200217Ia 4500
008 131103s9999 xx 000 0 und d
020 _a721418430
040 _aLoreto College
041 _aEnglish
082 _aREF1/ELL
_bLCBED/11989
100 _aElliot, Jason
245 _aReligions of the world
_cJason Elliot & Dene Schofield
260 _aLoughborough
_bLadybird
_c[19?]
300 _a38p.
_b pic.
_c 20cm.
440 _aLadybird Discovery
504 _aIncludes index
650 _aREF1
700 _aSchofield, Dene
850 _aLCBED/REF1/ALD
942 _cBK
999 _c33201
_d83680